Autobiography of Mark Twain. (Record no. 188909)
[ view plain ]
| 000 -LEADER | |
|---|---|
| fixed length control field | 01772nam a2200433Ia 4500 |
| 082 04 - DEWEY DECIMAL CLASSIFICATION NUMBER | |
| Classification number | 818/.4/0924 |
| 100 1# - MAIN ENTRY--AUTHOR NAME | |
| Personal name | Twain, Mark, |
| 245 10 - TITLE STATEMENT | |
| Title | Autobiography of Mark Twain. |
| 260 ## - PUBLICATION, DISTRIBUTION, ETC. (IMPRINT) | |
| Place of publication | Berkeley : |
| Name of publisher | University of California Press, |
| Year of publication | 2010. |
| 300 ## - PHYSICAL DESCRIPTION | |
| Number of Pages | xix, 736 p. : |
| Other physical details | ill., ports. |
| 490 1# - SERIES STATEMENT | |
| Series statement | The Mark Twain Papers |
| 500 ## - GENERAL NOTE | |
| General note | "A publication of the Mark Twain Project of the Bancroft Library." |
| 650 #0 - SUBJECT ADDED ENTRY--TOPICAL TERM | |
| Topical Term | Authors, American |
| 700 1# - ADDED ENTRY--PERSONAL NAME | |
| Personal name | Smith, Harriet Elinor. |
| Personal name | Griffin, Benjamin, |
| Personal name | Fischer, Victor. |
| Personal name | Frank, Michael B. |
| Personal name | Goetz, Sharon K. |
| Personal name | Myrick, Leslie Diane. |
| 856 40 - ELECTRONIC LOCATION AND ACCESS | |
| Uniform Resource Identifier | http://site.ebrary.com/lib/rucke/Doc?id=10412740 |
No items available.
